| 000 | 02326 a2200241 4500 | ||
|---|---|---|---|
| 003 | NALT | ||
| 005 | 20250612133825.0 | ||
| 008 | 231031b th ||||| |||| 00| 0 tha d | ||
| 020 | _a9786164883024 | ||
| 040 | _aNALT | ||
| 090 |
_aKE 153 _bธ662ร 2565 |
||
| 100 | 0 |
_aธีระ สุธีวรางกูร _926261 |
|
| 245 | 1 | 0 |
_aระบบศาลและการพิจารณาคดีของศาลในทางกฎหมายมหาชน / _cธีระ สุธีวรางกูร. |
| 260 |
_aกรุงเทพฯ : _bโครงการตำราและเอกสารประกอบการสอน คณะนิติศาสตร์ มหาวิทยาลัยธรรมศาสตร์, _c2565. |
||
| 300 |
_a293 หน้า ; _c24 ซม. |
||
| 505 | 2 | _aภาคที่ 1 : ศาลในระบบกฎหมายมหาชน -- บทที่ 1 ความทั่วไปเกี่ยวกับศาลในทางกฎหมายมหาชน -- บทที่ 2 ประเภทของศาลในทางกฎหมายมหาชน -- บทที่ 3 สถานะของศาลในทางกฎหมายมหาชน -- ภาคที่ 2 : คดีในระบบกฎหมายมหาชน -- บทที่ 4 ประเภทของคดีในทางกฎหมายมหาชน -- บทที่ 5 ลักษณะของคดีในทางกฎหมายมหาชน -- ภาคที่ 3 : การพิจารณาคดีของศาลในระบบกฎหมายมหาชน -- บทที่ 6 องค์คณะตุลาการในการพิจารณาคดี -- บทที่ 7 เขตอำนาจศาลในการพิจารณาคดี -- บทที่ 8 การดำเนินกระบวนพิจารณาคดีของศาล. | |
| 650 | 4 |
_916509 _aการบริหารงานยุติธรรม _zไทย |
|
| 650 | 4 |
_929097 _aกฎหมายมหาชน _zไทย |
|
| 650 | 4 |
_aศาล _zไทย _918179 |
|
| 850 | _aNALT | ||
| 942 |
_2local _cLB |
||
| 996 |
_asaiphon.d _bCATSTF _c2023-10-31 |
||
| 999 |
_c103391 _d103391 |
||
| 998 |
_j104 _k นางสาวสายฝน ดีงาม |
||